[Event "23. Open Pula 2009"]
[Site "Pula CRO"]
[Date "2009.07.04"]
[Round "9.30"]
[White "Frisk, Ellinor"]
[Black "Dietmayer Kraeutler, Marco"]
[Result "1/2-1/2"]
[WhiteElo "2131"]
[BlackElo "2302"]
[PlyCount "82"]
[EventDate "2009.06.27"]
[EventType "swiss"]
[EventRounds "9"]
[EventCountry "CRO"]
[Source "lmi"]
[SourceDate "2009.06.27"]

1. e4 e5 2. Nf3 Nc6 3. d4 exd4 4. Nxd4 Bc5 5. Be3 Qf6 6. c3 Nge7 7. Bc4 Ne5 8.
Be2 Qg6 9. O-O d6 10. f3 O-O 11. Kh1 Kh8 12. Nd2 d5 13. Qc2 dxe4 14. fxe4 Ng4
15. Bg1 Qh6 16. Bxg4 Bxg4 17. Rae1 Rad8 18. N2f3 Bb6 19. Ne5 Qh5 20. Nc4 Bd7
21. Nxb6 axb6 22. Bf2 c5 23. Nf3 f5 24. Ne5 Be6 25. Bg3 Qh6 26. Bf4 g5 27. Bc1
f4 28. b3 Qg7 29. Nd3 Nc6 30. Bb2 c4 31. Nf2 g4 32. Bc1 Ne5 33. Rd1 Rxd1 34.
Qxd1 g3 35. hxg3 Bg4 36. Nxg4 Nxg4 37. Qd4 Rf6 38. Qd8+ Rf8 39. Qd4 Rf6 40.
Qd8+ Rf8 41. Qd4 Rf6 1/2-1/2